| 000 | 00614nam a2200229Ia 4500 | ||
|---|---|---|---|
| 003 | OSt | ||
| 005 | 20221007100152.0 | ||
| 006 | a|||||r|||| 00| 0 | ||
| 007 | ta | ||
| 008 | 221006b |||||||| |||| 00| 0 eng d | ||
| 024 | _a3,900 | ||
| 037 | _cTextual | ||
| 040 |
_aLCO _cLCO _beng |
||
| 041 |
_2eng _aeng |
||
| 082 | _aZ2,5(X5), M6 | ||
| 100 | _aJASPAL SINGH | ||
| 245 | 0 | _aHand book of Socio-Economic offences. | |
| 260 |
_aDelhi _bPioneer Publication. _c1986 |
||
| 650 |
_aSOCIO- ECO 0FFENCES. _9701330 |
||
| 942 |
_hZ2,5(X5), M6 _cTEXL |
||
| 999 |
_c1173463 _d1173463 |
||